| 000 | 01511nam a2200337 a 4500 | ||
|---|---|---|---|
| 999 |
_c57091 _d57091 |
||
| 003 | BLK | ||
| 005 | 20240202101706.0 | ||
| 008 | 180408b bul|||||r ||||||| ||bul|| | ||
| 010 | _aKNG00061080000 | ||
| 040 | _aBLK | ||
| 041 |
_aBUL _cBUL |
||
| 080 |
_aПсихология на детската възраст. Интелектуално развитие на децата. Психически особености. Детски представи, описани в разкази _b159.922.7 _z159.922.7 |
||
| 100 | 1 |
_aМанова-Томова, Василка _eпърви автор _9287335 |
|
| 139 |
_aМанова-Томова, Василка _bМ 27 |
||
| 245 | 1 | 0 |
_aПсихологическа диагностика на ранното детство _bИзследване _cВасилка Манова-Томова |
| 257 | _aBGR | ||
| 260 |
_aСофия _bНар. просв. _c1974 _fХасково : Ат. Стратиев |
||
| 300 |
_a227 с. _c20 см |
||
| 380 | _a1 | ||
| 500 | _aКор. Психологическа диагностика. | ||
| 504 | _aБиблиогр. с. 222-225. | ||
| 650 | 4 |
_aДеца - психология и развитие _9252362 |
|
| 653 | _aдетска психология | ||
| 653 | _aпсихологическа диагностика | ||
| 852 |
_aЦб 74423 _bЦб |
||
| 856 | 4 | _qpdf | |
| 856 | 4 | _qpdf | |
| 942 |
_cKNG _n0 _05 _s1 |
||
| 944 |
_aCR _c13.06.2004 _k30545 _lНора Радева |
||
| 944 |
_aED _c10.06.2013 |
||